<The> History of education on the territory of the Czech Republic

Saved in:
Bibliographic Details
Main Author: Fialová, Ludmila
Format: Book Chapter
Language:English
Subjects:
Tags: Add Tag
No Tags, Be the first to tag this record!

MARC

LEADER 00000naa a2200000 4500
001 0147465
005 20220715114446.3
041 0 |a eng 
044 |a CZ 
245 1 0 |a <The> History of education on the territory of the Czech Republic  |c Ludmila Fialová 
610 2 0 |a vzdelávanie 
610 2 0 |a školstvo 
610 2 0 |a vzdelanie 
610 2 0 |a populácia 
610 2 0 |a vývoj 
610 2 0 |a história 
610 2 0 |a Česko 
100 1 |a Fialová, Ludmila